000 01026nam a2200301Ia 4500
003 OSt
005 20221007125652.0
006 a|||||r|||| 00| 0
007 ta
008 221006b |||||||| |||| 00| 0 eng d
020 _a0080446248 (pbk)
_cRs.2409.75
024 _a70393
037 _b171, 23/10/2006, Ashutosh Technical Books
_cTextual
040 _aCDL
_cCDL
_beng
041 _2eng
_aeng
082 _aE5:4, P5 Carc
100 _aBogdal Dariusz
_9722299
245 0 _aMicrowave-assisted organic synthesis: One hundred reaction procedures
260 _aAmsterdam
_bElsevier
_c2005
300 _axii, 202p.
_ccm.
490 _aTetrahedron organic chemistry series; 25
500 _aAppendix 191-193p.; Bibliographical references 195-198p.; Index 199-202p.
650 _a Organic synthesis
650 _a Reaction mechanism
650 _aChemistry
942 _hE5:4, P5 Carc
_cTEXL
_2CC
999 _c1215685
_d1215685